00760nam a22002297a 4500003000400000005001700004008004100021010001300062020002400075035004400099037001600143040001500159082001300174100001600187245005300203260004400256270006800300300002400368500005000392650003800442650005000480dpl20180630152808.0180522b xxu||||| |||| 00| 0 eng d aA-940583 c400.00a81869501632 aA-940583, A-940587, B-222016, A-940584 bCen Lib/Ret aDPLbENc0 a921bAJE aAjeet Jawed aSecular and nationalist Jinnah /cby Ajeet Jawed bKitab Publishing Housec1997aNew Delhi aD-52, Flatted Factories Complex, JhandewalanbNew Delhie110055 aix,318p. c21cm(Hb) aIncludes bibliographical references and index aJinnah, Mahomed Ali, -- 1876-1948 aIndia -- Politics and government -- 1919-1947